Environmental law

Bibliographic Details
Main Authors: Austin, Margaret (Author), Cotter, Anne-Marie Mooney (Author)
Corporate Author: Law Society of Ireland
Format: Book
Published: London : Cavendish Publishing Limited , c2004
Series:Professional practice guides
Subjects:

MARC

LEADER 00000cam a2200000 7i4500
001 0000008399
005 20161012093000.0
008 021119s2004
020 |a 1859419011 
050 0 0 |a d28 KDK910   |b .E58 2004 
090 0 0 |a d28 KDK910   |b .E58 2004 
245 1 0 |a Environmental law   |c editor Anne-Marie Mooney Cotter ; authors, Margaret Austin ... [et al.] 
260 2 |a London :   |b Cavendish Publishing Limited ,   |c c2004 
300 |a xvii, 247 p. ;   |c 25 cm. 
440 0 |a Professional practice guides 
504 |a Includes index 
650 0 |a Environmental law   |z Ireland 
700 1 |a Austin, Margaret ,   |e author 
700 1 |a Cotter, Anne-Marie Mooney ,   |e author 
710 1 |a Law Society of Ireland 
999 |a 1000105820   |b Book   |c OPEN SHELF (30 DAYS)   |e Gong Badak Campus